00469nam a22001697a 450000500170000001000150001702000110003203500140004303700130005708200110007010000190008124500600010026000360016027000620019630000210025850000200027920170822142301.0 aENG-119918 c500.00 aEN-103450 bDBAD/PUB a363.44 aGautam, Rajesh aNational policy for child and women /cby Rajesh Gautam aGuwahatibMadhurima Booksc2015 aKalapahar, Opp. SBI Vinobanagar Branch bGuwahatie781018 a244p. c23cm(Hb) a Includes index